000 00923nam a2200313 a 4500
001 000037833
003 DO-SdBNP
005 20171116104852.0
007 000037833
008 130306s2007 dr a 000 f spa d
020 _a9945120476
040 _aBPMSU
_bspa
_cBPMSU
082 0 4 _aCo863.2
_bI73m
100 1 _aIsaacs, Jorge
245 1 0 _aMarĂ­a /
_cJorge Isaacs.
260 _aSanto Domingo :
_bSusaeta ,
_c2007.
300 _a409 p. :
_bil. ;
_c21 cm.
490 1 _a Biblioteca susaeta
650 4 _aNOVELA COLOMBIANA
650 4 _aLITERATURA COLOMBIANA
830 0 _aBiblioteca susaeta
910 _aValidado. Control de calidad MFF
942 _2ddc
_cBK
945 _aIvnentariado extranjero / 2017 VM
956 _aDGARCIA
_b10
_c20130306
_lBND01
_h1247
956 _aKLANTIGUA
_b10
_c20130306
_lBND01
_h1352
956 _aMFILETO
_b40
_c20131023
_lBND01
_h1349
956 _aVMATEO
_b10
_c20150907
_lBPMSU
_h00151
999 _c7454
_d7454